Quizzes
Events
Quiz Creation
Community
Videos
Private Events
Remove Ads
Sign In
Join for FREE
Feedback
Dark Mode
Quiz Categories
Sports
Geography
Music
Movies
Television
Just For Fun
Miscellaneous
History
Literature
Language
Science
Gaming
Entertainment
Religion
Holiday
For Kids
Quiz Lab
Recent
Popular Today
Quiz Kudos Today
Editor Picks
Curator Picks
Quizzes by...
Day
Popularity
Type
Ratings
Length
Year
Community
Subscriptions
Recent Discussions
Orange Saloon
Badges
Playlists
Quests
Create
Leaderboards
Showdown
Live 5
Trivia Bingo
Activity
Puzzle Library
Sporcle Events
Private Events
Virtual Trivia
Globe League
Become a Host
Pub Owners
SporcleCon
Opinionation
Our Games
Videos
Blog
Mobile Apps
Partnerships
Remove Ads and Go Orange
Feedback
Science
Computer
Plants
Astronomy
Chemistry
Elements
Math
Animal
Physics
Anatomy
Biology
Geology
General Science
Science
Computer
Plants
Astronomy
Chemistry
Elements
Math
Animal
Physics
Anatomy
Biology
Geology
General Science
Random Quiz
Search Sporcle
×
Quiz Lab
Quiz Lab
Science
Country
Type in answers that appear in a list
Type in answers that appear in a list
Classic
Best Score? Go Orange.
Dog Breed Origins Stats
Can you name the origins of these dog breeds?
By
Tiger_Spirit16
7m
17 Questions
184 Plays
184 Plays
184 Plays
Comments
Comments
Give Quiz Kudos
Give Quiz Kudos
-
- Ratings
hide this ad
Replay
Link that replays current quiz
Next Quiz
Link to next quiz in quiz playlist
You Got
0%
They Got
Avg Score
68%
Avg Friend Score
Upgrade to see
Score Distribution
Jump to the score distribution portion of the page
Score
0/17
Timer
07:00
0
Plays Today
Breed
Country
% Correct
Dachshund
Germany
96.2%
Chow Chow
China
96.2%
Chihuahua
Mexico
95.1%
Shiba Inu
Japan
94%
Papillon
France
92.9%
Newfoundland
Canada
88%
Golden Retriever
England
87.5%
Borzoi
Russia
83.2%
Shetland Sheepdog
Scotland
80.4%
Breed
Country
% Correct
Saint Bernard
Switzerland
71.7%
Silky Terrier
Australia
64.7%
Bouvier des Flandres
Belgium
60.3%
Anatolian Shepherd
Turkey
54.3%
Rhodesian Ridgeback
South Africa
51.1%
Dalmatian
Yugoslavia
22.8%
Saluki
Middle East
15.8%
Border Collie
Great Britian
6.5%
Quiz Playlist
Details
Report
Send in Message
Add To Playlist
Classic:
Type in answers that appear in a list
Last Updated: Feb 16, 2017
Quiz Scoreboard
CHALLENGE
Sign Up to Join the Scoreboard
Show All
Scores
Hide
Comments
May contain spoilers
Recently Published
An Introduction to Baseball
by treessimontrees
Sports
5m
Movies - When Are They Set?
by FPL_Elf
Movies
5m
Popular People in 1961
by mucciniale
History
6m
More to Explore
Quiz From the Vault
Featured Blog Post
Where Did the Easter Bunny Come From?
hide this ad
You Might Also Like...
Tags
Country Quiz
Breed
dog
group
origin
Today's Top Quizzes in Science
Browse Science
hide this ad
Today's Top Quizzes in Country
Browse Country
Top Contributed Quizzes in Science
1
Quick Pick: 'CI-CJ' Animals
2
Quick Pick: Radians
3
Elements In Images
4
One Thing in Common: Science
5
One Thing in Common: Science III
6
Count to 60
7
One Thing in Common: Science II
8
One Thing in Common: Animals
9
Square Numbers Scrambled (1-50)
10
Order Up: Organs and Body Systems
Explore More
Trending Topics
Crossword
Disney
Anime
Harry Potter
NBA
Kpop
Marvel
Country
NFL
Puzzle
Soccer
Song
The Office
Pokémon
WWE
hide this ad
More By:
Tiger_Spirit16
Quiz
Plays
Rating
Category
Featured
Created
Dog Breed Origins
184
1.83
Science
Jun 29, 2010
Go to Creator's Profile
Score Distribution
Quiz Creator Spotlight
Tiger_Spirit16
Follow
Send a Message
Quizzes Created
-
Created Quiz Play Count
-
More By This Creator
Popular Quizzes Today
1
Find the Countries of Europe - No Outlines Minefield
2
Find the US States - No Outlines Minefield
3
The Countries of the World
4
Popular People in 1961
5
Find the US States
6
US States
7
1-10 Letter E Words III
8
Risky Map Clicking: Biggest States A-Z
More Science Quizzes
Slideshow: Raptors in Flight
Editor's Pick
Trending Quizzes
Risky Map Clicking: Least Populous States A-Z
1-10 Letter F Words
1-10 Letter G Words
Not Quite an Element Typing Challenge
One Thing in Common: United Kingdom
Recently Updated
Leaping Animals
pecheneg
Reality TV Shows (A-Z)
bhenderson79
Rickey Henderson's Hall of Fame Teammates
pecheneg
Champions League XIs: Arsenal
pecheneg
Quick Pick: Celebrities in WWE's Hall of Fame
aduchscher
A-Z Keypad Blitz II
pecheneg
Multiple Oscar Actors
pecheneg
Mystery Phrase Blitz: Oscar 'Best Actors'
pecheneg
F. Scott Fitzgerald Novels
LTH
Pick 3 Villains
ddd62291
Trending Topics
Marvel
Anime
Crossword
Kpop
Disney
Harry Potter
NBA
Puzzle
Pokémon
WWE
Song
The Office
NFL
Soccer
Country
Your Account Isn't Verified!
In order to create a playlist on Sporcle, you need to verify the email address you used during registration. Go to your
Sporcle Settings
to finish the process.
Report this User
Report this user for behavior that violates our
Community Guidelines
.
Details:
Send Report
Go to the Sporcle.com Mobile Site →
Comments